The Education Trust of the Royal Institution of Chartered Surveyors 1989-95: a summary of grants made by the RICS Education Trust. (Record no. 94584)

MARC details
000 -LEADER
fixed length control field 00716cam a2200229 4500
008 - FIXED-LENGTH DATA ELEMENTS--GENERAL INFORMATION
fixed length control field 090401t1995 xxu||||| |||| 00| 0 eng d
020 ## - INTERNATIONAL STANDARD BOOK NUMBER
International Standard Book Number 0854067329
035 ## - SYSTEM CONTROL NUMBER
System control number (Sirsi) u63608
041 ## - LANGUAGE CODE
Language code of text/sound track or separate title eng
050 ## - LIBRARY OF CONGRESS CALL NUMBER
Classification number 333.0072
090 ## - LOCALLY ASSIGNED LC-TYPE CALL NUMBER (OCLC); LOCAL CALL NUMBER (RLIN)
Classification number (OCLC) (R) ; Classification number, CALL (RLIN) (NR) RICS 1995/112ABCD
110 ## - MAIN ENTRY--CORPORATE NAME
Corporate name or jurisdiction name as entry element Royal Institution of Chartered Surveyors
9 (RLIN) 4900
245 #4 - TITLE STATEMENT
Title The Education Trust of the Royal Institution of Chartered Surveyors 1989-95: a summary of grants made by the RICS Education Trust.
260 ## - PUBLICATION, DISTRIBUTION, ETC.
Place of publication, distribution, etc. London
Name of publisher, distributor, etc. RICS
Date of publication, distribution, etc. 1995
300 ## - PHYSICAL DESCRIPTION
Extent 23p. ; 30cm.
350 ## - PRICE (NR) (BK AM CF MU VM SE) [OBSOLETE]
Price 7.95
650 ## - SUBJECT ADDED ENTRY--TOPICAL TERM
Topical term or geographic name entry element RESEARCH
650 ## - SUBJECT ADDED ENTRY--TOPICAL TERM
Topical term or geographic name entry element RICS EDUCATION TRUST
690 ## - LOCAL SUBJECT ADDED ENTRY--TOPICAL TERM (OCLC, RLIN)
Topical term or geographic name as entry element MANAGEMENT-BUSINESS MANAGEMENT-PROFESSIONAL PRACTICE
942 ## - ADDED ENTRY ELEMENTS (KOHA)
Suppress in OPAC 0
948 ## - LOCAL PROCESSING INFORMATION (OCLC); SERIES PART DESIGNATOR (RLIN)
c (OCLC) 04/03/1997
Holdings
Withdrawn status Lost status Source of classification or shelving scheme Damaged status Not for loan Home library Current library Shelving location Date acquired Cost, normal purchase price Total Checkouts Full call number Barcode Date last seen Copy number Cost, replacement price Price effective from Koha item type
    Dewey Decimal Classification     London London RICS Boxes 03/01/1996 7.95   RICS 1995/112 30049481 06/08/2019 2 7.95 06/08/2019 Reference material
    Dewey Decimal Classification     London London RICS Boxes 03/01/1996 7.95   RICS 1995/112 30049482 06/08/2019 3 7.95 06/08/2019 Book
    Dewey Decimal Classification     London London RICS Boxes 04/04/2005     RICS 1995/112 30049480 06/08/2019 4   06/08/2019 Archive